[Event "DEM U10/U10w 2007"]
[Site "Willingen GER"]
[Date "2007.05.27"]
[Round "2"]
[White "Laimer, Tobias"]
[Black "Blübaum, Matthias"]
[Result "0-1"]
[Termination "normal"]
[Board "1"]
[WhiteElo "1308"]
[BlackElo "1761"]
[PlyCount "74"]
[WhiteFideId "12910309"]
[BlackFideId "24651516"]
[EventCountry "GER"]
[EventRounds "11"]
[EventType "swiss"]
[EventDate "2007.05.26"]

1. e4 e6 2. d4 d5 3. e5 c5 4. c3 Nc6 5. Nf3 Bd7 6. Bd3 cxd4 7. cxd4 Qb6 8. O-O
Qc7 9. Nc3 a6 10. Qc2 Nb4 11. Qe2 Nxd3 12. Qxd3 b5 13. a3 Ne7 14. Be3 Nc6 15.
Rac1 Be7 16. Nd2 f6 17. f4 O-O 18. b4 Be8 19. Bf2 Bg6 20. Qf3 Qd7 21. Qe3 fxe5
22. fxe5 Rf5 23. Ne2 Bg5 24. Qc3 Rc8 25. Ng3 Rff8 26. Qb2 Bd3 27. Rfe1 Qf7 28.
Nf3 Bxc1 29. Rxc1 Ne7 30. Rd1 Rc2 31. Qb3 Bg6 32. Be3 h6 33. Ne1 Rc4 34. Nd3
Nc6 35. Nc5 Bc2 36. Qb2 Bxd1 37. Qd2 Bh5 0-1

[Event "DEM U10/U10w 2007"]
[Site "Willingen GER"]
[Date "2007.05.27"]
[Round "2"]
[White "Lampert, Jonas"]
[Black "Pixa, Richard"]
[Result "1-0"]
[Termination "normal"]
[Board "2"]
[WhiteElo "1653"]
[BlackElo "1290"]
[PlyCount "35"]
[WhiteFideId "1303759"]
[BlackFideId "4626095"]
[EventCountry "GER"]
[EventRounds "11"]
[EventType "swiss"]
[EventDate "2007.05.26"]

1. e4 e6 2. d4 d5 3. e5 c5 4. Qg4 Nc6 5. Nf3 cxd4 6. Bd3 Qc7 7. Qg3 Nge7 8. O-O
Ng6 9. Re1 Be7 10. a3 O-O 11. h4 Re8 12. h5 Nh8 13. Ng5 Bxg5 14. Bxg5 Ne7 15.
Bf6 g6 16. Qg5 Nf5 17. Bxf5 exf5 18. Qh6 1-0

[Event "DEM U10/U10w 2007"]
[Site "Willingen GER"]
[Date "2007.05.27"]
[Round "2"]
[White "Lieber, Carl"]
[Black "Svane, Rasmus"]
[Result "0-1"]
[Termination "normal"]
[Board "3"]
[WhiteElo "1290"]
[BlackElo "1616"]
[PlyCount "144"]
[BlackFideId "4657101"]
[EventCountry "GER"]
[EventRounds "11"]
[EventType "swiss"]
[EventDate "2007.05.26"]

1. e4 c5 2. Nf3 Nc6 3. d4 cxd4 4. Nxd4 Nf6 5. Nc3 e5 6. Ndb5 d6 7. Nd5 Nxd5 8.
exd5 Ne7 9. c3 Nf5 10. Bd3 g6 11. O-O Bg7 12. a4 O-O 13. Na3 Qh4 14. Be3 e4 15.
Be2 Nxe3 16. fxe3 Be5 17. Rf4 Bxf4 18. exf4 Qxf4 19. Qf1 Qxf1+ 20. Rxf1 b6 21.
Bd1 Ba6 22. Rf2 e3 23. Rc2 Bd3 24. Be2 Bxc2 25. Nxc2 Rae8 26. Nd4 Re5 27. Nc6
Rxd5 28. Ne7+ Kg7 29. Nxd5 Re8 30. Nc7 Re7 31. Nb5 d5 32. Nd4 f5 33. g3 Kf6 34.
Kg2 g5 35. h3 f4 36. Nc6 Re4 37. Nb4 d4 38. Kf3 fxg3 39. Kxg3 h5 40. Kg2 a5 41.
Nd5+ Ke5 42. Nxb6 d3 43. Bxd3 e2 44. Bxe2 Rxe2+ 45. Kf3 Re4 46. Nd7+ Kf5 47.
Nc5 g4+ 48. hxg4+ hxg4+ 49. Kf2 Rc4 50. Nb3 Rxa4 51. Nd4+ Rxd4 52. cxd4 Ke4 53.
d5 Kxd5 54. Kg3 Kc4 55. Kxg4 Kb3 56. Kg5 Kxb2 57. Kf6 a4 58. Kg7 a3 59. Kf6 a2
60. Ke5 a1=Q 61. Kd5 Qa4 62. Ke5 Kc3 63. Kd5 Qd4+ 64. Ke6 Qc5 65. Kf6 Kd4 66.
Kg6 Ke4 67. Kf6 Qf5+ 68. Kg7 Qe6 69. Kh8 Qe7 70. Kg8 Kf5 71. Kh8 Kg6 72. Kg8
Qg7# 0-1

[Event "DEM U10/U10w 2007"]
[Site "Willingen GER"]
[Date "2007.05.27"]
[Round "2"]
[White "Nöttling, Dominik"]
[Black "Bluhm, Sonja Maria"]
[Result "1-0"]
[Termination "normal"]
[Board "4"]
[WhiteElo "1612"]
[BlackElo "1283"]
[PlyCount "103"]
[WhiteFideId "24672807"]
[BlackFideId "24654027"]
[EventCountry "GER"]
[EventRounds "11"]
[EventType "swiss"]
[EventDate "2007.05.26"]

1. e4 e5 2. Bc4 Nc6 3. Nf3 Bc5 4. d3 d6 5. h3 h6 6. Nc3 Nf6 7. O-O Be6 8. Bb3
O-O 9. Na4 Bb6 10. Nxb6 axb6 11. c3 Re8 12. Re1 b5 13. d4 exd4 14. cxd4 Bxb3
15. Qxb3 Rxe4 16. Rxe4 Nxe4 17. Qxb5 Rb8 18. Be3 Qe7 19. d5 Ne5 20. Nxe5 dxe5
21. Ba7 Nd6 22. Qb4 Rd8 23. Bc5 b6 24. Bxd6 Qxd6 25. Qxd6 Rxd6 26. Rd1 c6 27.
a4 cxd5 28. b4 Kf8 29. f3 Ke7 30. Kf2 Kd7 31. Ke3 Ke6 32. b5 Rd7 33. Rc1 Rd6
34. g3 f5 35. g4 Kd7 36. gxf5 Rf6 37. Rg1 Ke8 38. Rxg7 Rxf5 39. Rg6 d4+ 40. Ke4
Rf4+ 41. Kxe5 Rxf3 42. Kxd4 Rxh3 43. Rxb6 Rh4+ 44. Kc5 Rxa4 45. Rxh6 Kd7 46.
Kb6 Ra1 47. Kb7 Rc1 48. b6 Rg1 49. Rh8 Rg2 50. Kb8 Kc6 51. b7 Rg7 52. Ka8 1-0

[Event "DEM U10/U10w 2007"]
[Site "Willingen GER"]
[Date "2007.05.27"]
[Round "2"]
[White "Wagner, Robert"]
[Black "Toker, David"]
[Result "1/2-1/2"]
[Termination "normal"]
[Board "5"]
[WhiteElo "1284"]
[BlackElo "1536"]
[PlyCount "183"]
[WhiteFideId "24656879"]
[EventCountry "GER"]
[EventRounds "11"]
[EventType "swiss"]
[EventDate "2007.05.26"]

1. e4 c5 2. Nf3 d6 3. d4 cxd4 4. Nxd4 Nf6 5. Nc3 g6 6. Bc4 Bg7 7. Nf3 O-O 8.
O-O Nc6 9. Be3 Bg4 10. h3 Bxf3 11. Qxf3 Ne5 12. Qe2 a6 13. Rad1 b5 14. Bd5 Nxd5
15. Nxd5 Nc4 16. b3 Nxe3 17. Qxe3 Rc8 18. Qd3 Re8 19. Rfe1 Rc5 20. c4 bxc4 21.
bxc4 Qa5 22. Re2 Qa4 23. Rc1 Qd7 24. e5 e6 25. Nb6 Qc7 26. Qxd6 Bxe5 27. Qxc7
Bxc7 28. Nd7 Rf5 29. c5 Rc8 30. c6 Kg7 31. Rb2 Rd5 32. Nb6 Bxb6 33. Rxb6 a5 34.
c7 Rd7 35. Rb7 Kf6 36. Ra7 Ke7 37. Rc6 Rd6 38. Rxd6 Kxd6 39. Rxa5 Rxc7 40. a4
Kc6 41. Kf1 Kb6 42. Rb5+ Ka6 43. Ke2 Rc4 44. Rb1 Rxa4 45. Rd1 Rb4 46. Ke3 g5
47. Rd8 g4 48. h4 Rb7 49. Kf4 h5 50. Rd6+ Ka5 51. Rd1 Rb5 52. Re1 Rf5+ 53. Kg3
Kb5 54. f4 Kc5 55. Rc1+ Kd6 56. Ra1 Ke7 57. Ra7+ Kf6 58. Ra6 Rc5 59. Ra4 Rc3+
60. Kh2 Re3 61. g3 Kf5 62. Kg2 e5 63. Ra5 f6 64. Kf2 Rf3+ 65. Kg2 Re3 66. Kf2
Re4 67. Rb5 Kg6 68. fxe5 fxe5 69. Rb8 Rc4 70. Rg8+ Kh6 71. Rh8+ Kg6 72. Rg8+
Kh6 73. Rh8+ Kg6 74. Rg8+ Kf5 75. Rg5+ Ke4 76. Rxh5 Rc2+ 77. Ke1 Kf3 78. Rxe5
Kxg3 79. h5 Rh2 80. Kf1 Kf4 81. Ra5 g3 82. Kg1 Kg4 83. Ra8 Rxh5 84. Rg8+ Kh3
85. Rg7 Re5 86. Rh7+ Kg4 87. Rg7+ Kf3 88. Rf7+ Ke2 89. Kg2 Rg5 90. Rf3 Rg7 91.
Rxg3 Rxg3+ 92. Kxg3 1/2-1/2

[Event "DEM U10/U10w 2007"]
[Site "Willingen GER"]
[Date "2007.05.27"]
[Round "2"]
[White "Bonk, Andras"]
[Black "Wagner, Dennis"]
[Result "0-1"]
[Termination "normal"]
[Board "6"]
[WhiteElo "1278"]
[BlackElo "1511"]
[PlyCount "42"]
[WhiteFideId "24692123"]
[BlackFideId "24650684"]
[EventCountry "GER"]
[EventRounds "11"]
[EventType "swiss"]
[EventDate "2007.05.26"]

1. e4 e5 2. Nf3 Nc6 3. Bb5 a6 4. Bxc6 dxc6 5. O-O Bg4 6. h3 h5 7. d3 Bxf3 8.
Qxf3 Bc5 9. Nc3 Qe7 10. Qg3 Nf6 11. Be3 Rg8 12. Bg5 O-O-O 13. Qh4 Qe6 14. Bxf6
gxf6 15. Na4 Ba7 16. Kh2 Rg5 17. Rg1 Rdg8 18. a3 f5 19. Nc3 f4 20. Raf1 Qg6 21.
g3 Bxf2 0-1

[Event "DEM U10/U10w 2007"]
[Site "Willingen GER"]
[Date "2007.05.27"]
[Round "2"]
[White "Peil, Christoph"]
[Black "Donchenko, Alexander"]
[Result "0-1"]
[Termination "normal"]
[Board "7"]
[WhiteElo "1504"]
[BlackElo "1274"]
[PlyCount "68"]
[WhiteFideId "24651800"]
[BlackFideId "24603295"]
[EventCountry "GER"]
[EventRounds "11"]
[EventType "swiss"]
[EventDate "2007.05.26"]

1. d4 d5 2. c4 dxc4 3. Nf3 Nf6 4. e3 e6 5. Nc3 Be7 6. Bxc4 O-O 7. O-O a6 8. a4
Bd7 9. Bd2 h6 10. Qc2 c5 11. Rfc1 cxd4 12. Nxd4 Nc6 13. Nxc6 Bxc6 14. Rd1 Qc7
15. Be2 Rfd8 16. Rac1 Rd7 17. Nb5 Qd8 18. Nd4 Be4 19. Qc4 e5 20. Nb3 Bd5 21.
Qc3 Bxb3 22. Qxb3 Rxd2 23. Bc4 Rxd1+ 24. Rxd1 Qe8 25. f3 Rb8 26. a5 Bc5 27. Qc3
Rc8 28. Rc1 e4 29. Kf1 exf3 30. gxf3 Bxe3 31. Bxf7+ Kxf7 32. Qxc8 Bxc1 33. Qxc1
Qb5+ 34. Kg2 Qg5+ 0-1

[Event "DEM U10/U10w 2007"]
[Site "Willingen GER"]
[Date "2007.05.27"]
[Round "2"]
[White "Helle, Samuel"]
[Black "Volz, Alexander"]
[Result "1/2-1/2"]
[Termination "normal"]
[Board "8"]
[WhiteElo "1270"]
[BlackElo "1433"]
[PlyCount "101"]
[WhiteFideId "24692182"]
[BlackFideId "4669126"]
[EventCountry "GER"]
[EventRounds "11"]
[EventType "swiss"]
[EventDate "2007.05.26"]

1. e4 e5 2. Nf3 Nc6 3. c3 d5 4. Bb5 f6 5. Qa4 Nge7 6. O-O Be6 7. Re1 a6 8.
Bxc6+ Nxc6 9. d3 Be7 10. Be3 O-O 11. Nbd2 b5 12. Qc2 Rb8 13. Nb3 b4 14. Rab1
Bd6 15. Bc5 dxe4 16. dxe4 Bxb3 17. Qxb3+ Kh8 18. Bxd6 cxd6 19. Qa4 Qb6 20. Qb3
Rfc8 21. Qc2 Na5 22. Nd2 Rc6 23. Nb3 Nc4 24. Nd2 Nxd2 25. Qxd2 bxc3 26. Qc2
cxb2 27. Qd2 a5 28. h3 a4 29. a3 h6 30. Kh2 Qd4 31. Qxd4 exd4 32. Re2 Rc3 33.
Rexb2 Rxb2 34. Rxb2 Rxa3 35. Rd2 d3 36. Kg3 Rb3 37. Kf4 Kg8 38. Ke3 a3 39. Kd4
g5 40. Kc4 Rb2 41. Rxd3 a2 42. Ra3 Rxf2 43. g4 Re2 44. Kd5 Rd2+ 45. Ke6 Kg7 46.
Ke7 Kg6 47. Ke6 Rh2 48. Ra8 Rxh3 49. Rg8+ Kh7 50. Kf7 f5 51. Rg7+ 1/2-1/2

[Event "DEM U10/U10w 2007"]
[Site "Willingen GER"]
[Date "2007.05.27"]
[Round "2"]
[White "Hansch, Karsten"]
[Black "Glatzel, Jonas"]
[Result "1/2-1/2"]
[Termination "normal"]
[Board "9"]
[WhiteElo "1417"]
[BlackElo "1268"]
[PlyCount "119"]
[WhiteFideId "24692239"]
[BlackFideId "12937800"]
[EventCountry "GER"]
[EventRounds "11"]
[EventType "swiss"]
[EventDate "2007.05.26"]

1. Nf3 Nc6 2. g3 e5 3. d3 d5 4. Bg2 Nf6 5. Nbd2 e4 6. dxe4 Nxe4 7. Nxe4 dxe4 8.
Qxd8+ Nxd8 9. Nd2 f5 10. O-O Bc5 11. Nb3 Ne6 12. Bh3 O-O 13. Nxc5 Nxc5 14. b4
Na6 15. Ba3 c5 16. bxc5 Rd8 17. Rfd1 Be6 18. Rd6 Kf7 19. Rb1 Rab8 20. Rxd8 Rxd8
21. Rxb7+ Rd7 22. Rxd7+ Bxd7 23. Bf1 Bc6 24. e3 Nb8 25. Bc4+ Kf6 26. Bb2+ Kg6
27. Be5 Nd7 28. Bd4 Nb8 29. Kf1 Ba4 30. Bb3 Bc6 31. Ke2 Bb5+ 32. c4 Bc6 33. Kd2
Na6 34. Kc3 Kf7 35. Bd1 g6 36. Kb3 Ke7 37. Ka3 Kd7 38. Ba4 Nb8 39. Be5 Bxa4 40.
Kxa4 Nc6 41. Bc3 Kc7 42. Kb5 Kb7 43. Bg7 a6+ 44. Ka4 Kc8 45. Bc3 Kd7 46. Kb3
Ke6 47. Kc2 Kf7 48. Kd2 Kg8 49. Ke2 h5 50. f3 Kh7 51. fxe4 fxe4 52. Kf2 Kh6 53.
h4 g5 54. Ke2 g4 55. Kd2 Kg6 56. a3 Kf7 57. Bd4 Ke6 58. Kc3 Kd7 59. Kb3 Kc7 60.
Bc3 1/2-1/2

[Event "DEM U10/U10w 2007"]
[Site "Willingen GER"]
[Date "2007.05.27"]
[Round "2"]
[White "Schoepe, Tobias"]
[Black "Heidelberger, Colin"]
[Result "1/2-1/2"]
[Termination "normal"]
[Board "10"]
[WhiteElo "1239"]
[BlackElo "1415"]
[PlyCount "45"]
[WhiteFideId "24692107"]
[EventCountry "GER"]
[EventRounds "11"]
[EventType "swiss"]
[EventDate "2007.05.26"]

1. e4 e6 2. d4 d5 3. e5 c5 4. c3 Nc6 5. Nf3 Qb6 6. Bd3 c4 7. Bc2 f6 8. O-O Bd7
9. Re1 Be7 10. Nbd2 f5 11. b3 cxb3 12. Nxb3 Qc7 13. Bd2 Rc8 14. Qe2 Ba3 15.
Rab1 Nge7 16. h3 O-O 17. Ng5 h6 18. Nf3 Rf7 19. Nh4 g5 20. Nf3 Rg7 21. Nh2 Rf8
22. Qh5 Rh7 23. Ng4 1/2-1/2

[Event "DEM U10/U10w 2007"]
[Site "Willingen GER"]
[Date "2007.05.27"]
[Round "2"]
[White "Kreyssig, Robert"]
[Black "Srokovskiy, Andrea"]
[Result "1/2-1/2"]
[Termination "normal"]
[Board "11"]
[WhiteElo "1403"]
[BlackElo "1234"]
[PlyCount "52"]
[WhiteFideId "4662881"]
[BlackFideId "4624947"]
[EventCountry "GER"]
[EventRounds "11"]
[EventType "swiss"]
[EventDate "2007.05.26"]

1. e4 e5 2. Nf3 Nc6 3. Bb5 Bd6 4. O-O a6 5. Ba4 b5 6. Bb3 Bb7 7. c3 Nf6 8. Re1
O-O 9. d4 Re8 10. Bc2 Na5 11. dxe5 Bxe5 12. Nxe5 Rxe5 13. Bf4 Re8 14. f3 Nh5
15. Bc1 d5 16. Nd2 dxe4 17. Nxe4 Qxd1 18. Rxd1 Rad8 19. Bg5 Rxd1+ 20. Rxd1 Nc4
21. g4 Bxe4 22. Bxe4 Nf6 23. Bxf6 gxf6 24. b3 Nd6 25. Bd3 Re3 26. Kf2 Re5
1/2-1/2

[Event "DEM U10/U10w 2007"]
[Site "Willingen GER"]
[Date "2007.05.27"]
[Round "2"]
[White "Wolff, Christopher"]
[Black "Szajbely, Zsigmond"]
[Result "1/2-1/2"]
[Termination "normal"]
[Board "12"]
[WhiteElo "1238"]
[BlackElo "1376"]
[PlyCount "124"]
[BlackFideId "711691"]
[EventCountry "GER"]
[EventRounds "11"]
[EventType "swiss"]
[EventDate "2007.05.26"]

1. c4 Nf6 2. Nc3 g6 3. Nf3 Bg7 4. g3 O-O 5. Bg2 d6 6. O-O e5 7. d4 Nc6 8. d5
Ne7 9. e4 Ne8 10. b4 f5 11. Nd2 fxe4 12. Ndxe4 a5 13. b5 b6 14. Bg5 h6 15. Be3
Nf5 16. Bd2 Nf6 17. Nxf6+ Rxf6 18. Ne4 Rf8 19. Kh1 Bd7 20. a3 Kh7 21. Ra2 Ne7
22. f3 Bf5 23. Be3 Ng8 24. Raf2 Nf6 25. Nxf6+ Rxf6 26. g4 Bd7 27. Rg1 g5 28.
Bf1 Qf8 29. h3 e4 30. Qc2 Re8 31. fxe4 Rxf2 32. Qxf2 Qxf2 33. Bxf2 Rf8 34. Be3
Rf3 35. Bc1 Bd4 36. Bg2 Rc3 37. Bb2 Rxc4 38. Bxd4 Rxd4 39. Rc1 Bxb5 40. Rxc7+
Kg8 41. Rb7 Rd1+ 42. Kh2 Rd2 43. Rb8+ Kf7 44. Kg3 Rd3+ 45. Kf2 Rxa3 46. Rxb6
Ra2+ 47. Ke1 Re2+ 48. Kd1 Rxg2 49. Rxb5 Rg3 50. Rxa5 Rxh3 51. Ra6 Ke7 52. Ra7+
Kf6 53. Rd7 Ke5 54. Re7+ Kd4 55. Re6 Kc5 56. Ke2 h5 57. gxh5 Rxh5 58. Kf3 Rh4
59. Rf6 Kd4 60. Re6 Rf4+ 61. Kg3 Rxe4 62. Rxd6 Kc5 1/2-1/2

[Event "DEM U10/U10w 2007"]
[Site "Willingen GER"]
[Date "2007.05.27"]
[Round "2"]
[White "Bokemaer, David"]
[Black "Bach, Jannik"]
[Result "1-0"]
[Termination "normal"]
[Board "13"]
[WhiteElo "1358"]
[BlackElo "1183"]
[PlyCount "99"]
[BlackFideId "24615900"]
[EventCountry "GER"]
[EventRounds "11"]
[EventType "swiss"]
[EventDate "2007.05.26"]

1. e4 e6 2. Nc3 d5 3. exd5 exd5 4. d4 c6 5. Bd2 Bd6 6. Nf3 Ne7 7. Be2 Bf5 8.
O-O O-O 9. Re1 Nd7 10. Be3 Qc7 11. Bd3 h6 12. h3 Rfe8 13. Nh4 Bxd3 14. Qxd3 Nf6
15. Nf5 Nxf5 16. Qxf5 Re6 17. Bxh6 gxh6 18. Rxe6 fxe6 19. Qxf6 Bf8 20. Qxe6+
Kh8 21. Qe5+ Qxe5 22. dxe5 Re8 23. f4 Bc5+ 24. Kf1 Kg7 25. Ke2 h5 26. Rf1 b5
27. Rf3 h4 28. g3 hxg3 29. Rxg3+ Kf7 30. h4 Rh8 31. Rh3 Kg6 32. Kf3 Kf5 33. h5
Bf8 34. Ne2 Bc5 35. c3 a5 36. a3 a4 37. Nd4+ Bxd4 38. cxd4 Rh6 39. Rh4 Rh8 40.
h6 Rh7 41. Rh5+ Kg6 42. Kg4 Rxh6 43. Rxh6+ Kxh6 44. e6 Kg6 45. f5+ Kf6 46. Kf4
Ke7 47. Ke5 Ke8 48. Kd6 Kd8 49. Kxc6 Ke7 50. Kxd5 1-0

[Event "DEM U10/U10w 2007"]
[Site "Willingen GER"]
[Date "2007.05.27"]
[Round "2"]
[White "Knopf, Felix"]
[Black "Töws, Manuel"]
[Result "0-1"]
[Termination "normal"]
[Board "14"]
[WhiteElo "1188"]
[BlackElo "1347"]
[PlyCount "76"]
[WhiteFideId "24692204"]
[BlackFideId "24654485"]
[EventCountry "GER"]
[EventRounds "11"]
[EventType "swiss"]
[EventDate "2007.05.26"]

1. d4 Nf6 2. Nf3 g6 3. c4 Bg7 4. Nc3 O-O 5. e4 d6 6. Be2 e5 7. O-O Nc6 8. d5
Ne7 9. b4 a5 10. Ba3 axb4 11. Bxb4 Nh5 12. c5 dxc5 13. Bxc5 Nf4 14. Bb5 Bd7 15.
d6 cxd6 16. Bxd6 Bxb5 17. Nxb5 f6 18. Nc7 Rc8 19. Bxe7 Qxe7 20. Nd5 Nxd5 21.
Qxd5+ Qf7 22. Rab1 Qxd5 23. exd5 Rf7 24. Rb6 Rc2 25. Ra1 e4 26. Ne1 Rd2 27. d6
f5 28. Rc1 Rxa2 29. Rc7 Ra8 30. Rbxb7 Rxc7 31. dxc7 Be5 32. g4 Rc8 33. Kf1 Rxc7
34. Rb5 Bc3 35. Ng2 Bd4 36. Rb1 Rc2 37. Ne3 Bxe3 38. fxe3 Rxh2 0-1

[Event "DEM U10/U10w 2007"]
[Site "Willingen GER"]
[Date "2007.05.27"]
[Round "2"]
[White "Xiong, Ferdinand"]
[Black "Dörre, Florentin"]
[Result "0-1"]
[Termination "normal"]
[Board "15"]
[WhiteElo "1346"]
[BlackElo "1132"]
[PlyCount "79"]
[WhiteFideId "24654132"]
[BlackFideId "12970654"]
[EventCountry "GER"]
[EventRounds "11"]
[EventType "swiss"]
[EventDate "2007.05.26"]

1. e4 e6 2. d4 d5 3. e5 c5 4. c3 Nc6 5. Nf3 Qb6 6. Be2 cxd4 7. cxd4 Nge7 8. Na3
a6 9. O-O Nf5 10. Nc2 Be7 11. b3 f6 12. Bd3 Nh6 13. Bxh6 gxh6 14. exf6 Bxf6 15.
Ne5 Ke7 16. Nxc6+ bxc6 17. Be2 Rg8 18. Kh1 Kd6 19. f4 Bd7 20. Qd2 Bg7 21. Rad1
Raf8 22. Qc1 a5 23. Qa3+ Kc7 24. g3 Kd8 25. Rfe1 Rf6 26. Bg4 Bf8 27. Qb2 Rxg4
28. Ne3 Rgg6 29. Qe2 c5 30. Ng4 Rf5 31. Ne5 Bb5 32. Qc2 Rg7 33. dxc5 Qxc5 34.
Qe4 Bd6 35. Qf3 Bxe5 36. Rxe5 Rxe5 37. fxe5 Qe7 38. Qe3 Bc6 39. Rc1 d4+ 40.
Rxc6 0-1

[Event "DEM U10/U10w 2007"]
[Site "Willingen GER"]
[Date "2007.05.27"]
[Round "2"]
[White "Wolf, Erasmus"]
[Black "Imcke, Patrick"]
[Result "0-1"]
[Termination "normal"]
[Board "16"]
[WhiteElo "1085"]
[BlackElo "1342"]
[PlyCount "72"]
[BlackFideId "4622502"]
[EventCountry "GER"]
[EventRounds "11"]
[EventType "swiss"]
[EventDate "2007.05.26"]

1. e4 e6 2. d4 d5 3. exd5 exd5 4. Nf3 Nc6 5. c4 Nf6 6. Nc3 Bb4 7. a3 Be7 8. c5
O-O 9. Bf4 Ne4 10. Bd3 Bf5 11. O-O Bf6 12. Bc2 a6 13. Re1 Re8 14. Re2 Rc8 15.
h3 h6 16. a4 Nb4 17. a5 Nxc3 18. bxc3 Rxe2 19. Bxf5 Nc2 20. Qxe2 Nxa1 21. Bxc8
Qxc8 22. Qd1 Qf5 23. Bxc7 Nc2 24. Nh4 Bxh4 25. g4 Qxf2+ 26. Kh1 Ne3 27. Qg1
Qxg1+ 28. Kxg1 Nd1 29. Bf4 Nxc3 30. Be3 Bf6 31. Kf2 Nd1+ 32. Ke2 Nxe3 33. Kxe3
g5 34. Kd3 Kf8 35. Kc3 Ke7 36. Kb4 Bxd4 0-1

[Event "DEM U10/U10w 2007"]
[Site "Willingen GER"]
[Date "2007.05.27"]
[Round "2"]
[White "Manusina, Nicole"]
[Black "Nitzsche, Pia"]
[Result "1-0"]
[Termination "normal"]
[Board "17"]
[WhiteElo "1340"]
[BlackElo "1069"]
[PlyCount "65"]
[WhiteFideId "24657514"]
[BlackFideId "12900370"]
[EventCountry "GER"]
[EventRounds "11"]
[EventType "swiss"]
[EventDate "2007.05.26"]

1. d4 Nf6 2. c4 d6 3. Nc3 g6 4. e4 Bg7 5. f3 O-O 6. Be3 Na6 7. a3 c5 8. d5 e6
9. Bd3 exd5 10. cxd5 Nc7 11. Nge2 Bd7 12. O-O b5 13. Bc2 a5 14. e5 dxe5 15.
Bxc5 Re8 16. Qd2 Na6 17. Be3 b4 18. axb4 axb4 19. Ne4 Nxe4 20. fxe4 Qe7 21. d6
Qf8 22. Bb3 Be6 23. d7 Re7 24. Bxe6 Rxe6 25. Rfd1 Qd8 26. Qd5 Nc7 27. Rxa8 Nxa8
28. Qxa8 Qxa8 29. d8=Q+ Qxd8 30. Rxd8+ Bf8 31. Bh6 Re8 32. Rxe8 f6 33. Rxf8#
1-0

[Event "DEM U10/U10w 2007"]
[Site "Willingen GER"]
[Date "2007.05.27"]
[Round "2"]
[White "Ruff, Maximilian"]
[Black "Wendland, Tobias"]
[Result "1/2-1/2"]
[Termination "normal"]
[Board "18"]
[WhiteElo "1066"]
[BlackElo "1328"]
[PlyCount "81"]
[WhiteFideId "1271670"]
[BlackFideId "24662267"]
[EventCountry "GER"]
[EventRounds "11"]
[EventType "swiss"]
[EventDate "2007.05.26"]

1. e4 c6 2. d4 d5 3. e5 Bf5 4. Nc3 e6 5. h4 h6 6. Nf3 c5 7. Be3 Nc6 8. Bb5 Qb6
9. O-O a6 10. Bxc6+ Qxc6 11. dxc5 Bxc5 12. Bxc5 Qxc5 13. Nd4 Bh7 14. Nb3 Qc7
15. Re1 Ne7 16. Nd4 O-O 17. Rc1 Nf5 18. Nxf5 Bxf5 19. Qd4 Rac8 20. Re2 Qe7 21.
b3 Qa3 22. Rb1 Qa5 23. Na4 Bxc2 24. Rc1 Bf5 25. Ree1 Kh7 26. f3 Kg8 27. Qa7 Qd2
28. Rcd1 Qxa2 29. Rc1 Qxb3 30. Nb6 Rxc1 31. Rxc1 Qe3+ 32. Kh2 Qxc1 33. Qxb7 d4
34. Nd7 d3 35. Nxf8 d2 36. Qb8 d1=Q 37. Nxe6+ Kh7 38. Nf8+ Kg8 39. Ne6+ Kh7 40.
Nf8+ Kg8 41. Ne6+ 1/2-1/2

[Event "DEM U10/U10w 2007"]
[Site "Willingen GER"]
[Date "2007.05.27"]
[Round "2"]
[White "Hansch, Stephan"]
[Black "Titgemeyer, Eva Maria"]
[Result "1-0"]
[Termination "normal"]
[Board "19"]
[WhiteElo "1310"]
[BlackElo "848"]
[PlyCount "43"]
[BlackFideId "24655350"]
[EventCountry "GER"]
[EventRounds "11"]
[EventType "swiss"]
[EventDate "2007.05.26"]

1. e4 e5 2. Nf3 Nc6 3. d4 f6 4. Bc4 Bb4+ 5. c3 Ba5 6. Be3 d6 7. O-O Bg4 8. Nbd2
Nge7 9. Qb3 Rf8 10. Bb5 Qd7 11. d5 O-O-O 12. dxc6 Nxc6 13. Bxc6 Qxc6 14. Qd5
Qa4 15. b3 Qa3 16. Nc4 Qc5 17. Bxc5 dxc5 18. Qxc5 b6 19. Qc6 Bxc3 20. Rac1 Bb4
21. Nxb6+ axb6 22. Qxc7# 1-0

[Event "DEM U10/U10w 2007"]
[Site "Willingen GER"]
[Date "2007.05.27"]
[Round "2"]
[White "Jermann, Isabel"]
[Black "Lagunov, Elina"]
[Result "0-1"]
[Termination "normal"]
[Board "21"]
[WhiteElo "1013"]
[BlackElo "1449"]
[PlyCount "94"]
[BlackFideId "4673387"]
[EventCountry "GER"]
[EventRounds "11"]
[EventType "swiss"]
[EventDate "2007.05.26"]

1. d4 Nf6 2. Nf3 g6 3. c4 Bg7 4. Nc3 O-O 5. e3 d6 6. Bd3 Nbd7 7. O-O e5 8. dxe5
Nxe5 9. Nxe5 dxe5 10. b3 e4 11. Nxe4 Nxe4 12. Bxe4 Bxa1 13. Ba3 Re8 14. Qxd8
Rxd8 15. Rxa1 c6 16. h3 Rd2 17. Bb4 Rd8 18. Ba5 Re8 19. Bf3 Bf5 20. Rd1 Rac8
21. a3 b6 22. Bc3 h6 23. Rd6 Be4 24. Bg4 Rcd8 25. Rf6 Rd3 26. Bb2 h5 27. Bf3
Bxf3 28. gxf3 Rxb3 29. Bd4 c5 30. Ba1 Rxa3 31. Bd4 cxd4 32. exd4 Rc8 33. d5
Rxc4 34. d6 Rd4 35. Kf1 Rad3 36. Ke2 Rxd6 37. Rf4 R3d4 38. Rxd4 Rxd4 39. Ke3
Rd8 40. f4 a5 41. Kf3 a4 42. f5 gxf5 43. h4 a3 44. Kg3 a2 45. f4 a1=Q 46. Kh2
Rd2+ 47. Kg3 Qc3# 0-1

[Event "DEM U10/U10w 2007"]
[Site "Willingen GER"]
[Date "2007.05.27"]
[Round "2"]
[White "Wiesner, Paula"]
[Black "Reiß, Michael"]
[Result "1-0"]
[Termination "normal"]
[Board "23"]
[WhiteElo "1067"]
[BlackElo "1202"]
[PlyCount "121"]
[WhiteFideId "24654019"]
[EventCountry "GER"]
[EventRounds "11"]
[EventType "swiss"]
[EventDate "2007.05.26"]

1. e4 e5 2. Nf3 Nc6 3. c3 Nf6 4. d4 exd4 5. e5 Nd5 6. cxd4 Bb4+ 7. Bd2 Bxd2+ 8.
Qxd2 O-O 9. Bd3 Re8 10. O-O Nb6 11. Nc3 d6 12. Rfe1 dxe5 13. dxe5 Bg4 14. Qf4
Bxf3 15. Qxf3 Nxe5 16. Bxh7+ Kxh7 17. Qh5+ Kg8 18. Rxe5 Qd6 19. Rae1 Rf8 20. h3
Nd7 21. Re7 Nf6 22. Qf3 Qb6 23. b3 c6 24. Qg3 Rac8 25. Qg5 Qb4 26. R7e3 Qb6 27.
Rg3 g6 28. Qxf6 c5 29. Qxb6 axb6 30. Re7 Rb8 31. Rd3 Rfe8 32. Rdd7 Rxe7 33.
Rxe7 Kf8 34. Re2 Kg7 35. Na4 b5 36. Nxc5 Kh6 37. f3 Kg5 38. Kf2 Kf4 39. g3+ Kg5
40. Re7 Rc8 41. b4 b6 42. Ne4+ Kh6 43. Rxf7 Rc2+ 44. Ke3 Rxa2 45. Kd4 Rh2 46.
h4 Rb2 47. Kc3 Ra2 48. Rf6 Kg7 49. Rxb6 Ra3+ 50. Kd4 g5 51. hxg5 Rxf3 52. Rxb5
Rf1 53. Ra5 Rf3 54. b5 Rf1 55. b6 Rf3 56. b7 Kh7 57. b8=Q Rf7 58. Qd6 Kg7 59.
Qh6+ Kg8 60. Ra8+ Rf8 61. Rxf8# 1-0

[Event "DEM U10/U10w 2007"]
[Site "Willingen GER"]
[Date "2007.05.27"]
[Round "2"]
[White "Lerch, Philipp"]
[Black "Gröning, Finn Jonathan"]
[Result "1-0"]
[Termination "normal"]
[Board "24"]
[WhiteElo "1522"]
[BlackElo "1015"]
[PlyCount "49"]
[WhiteFideId "4654129"]
[BlackFideId "1271634"]
[EventCountry "GER"]
[EventRounds "11"]
[EventType "swiss"]
[EventDate "2007.05.26"]

1. e4 c5 2. Nf3 d6 3. d4 cxd4 4. Nxd4 Nf6 5. Nc3 g6 6. Be2 Bg7 7. Be3 O-O 8.
O-O a6 9. Qd2 b5 10. f4 b4 11. Nd5 Nxe4 12. Qxb4 a5 13. Qb6 e6 14. Qxd8 Rxd8
15. Nb6 Ra7 16. Nxc8 Rxc8 17. Nxe6 Re7 18. Nd4 Bxd4 19. Bxd4 Nd2 20. Rfe1 Rxc2
21. Bd3 Rxe1+ 22. Rxe1 Rc8 23. Bc3 Nf3+ 24. gxf3 f5 25. Re7 1-0